Statistics for Everton League Players Since 2014

Click here to take the quiz!

General Stats

  • This quiz has been taken 22 times
  • The average score is 188 of 278

Answer Stats

% Correct
2023/24 (Premier League)EnglandGK29Jordan Pickford33
100%
2021/22 (Premier League - 16th)EnglandGK27Jordan Pickford35
100%
2017/18 (Premier League - 8th)EnglandGK23Jordan Pickford38
100%
2019/20 (Premier League - 12th)EnglandGK25Jordan Pickford38
100%
2020/21 (Premier League - 10th)EnglandGK26Jordan Pickford31
100%
2022/23 (Premier League - 17th)EnglandGK28Jordan Pickford37
100%
2018/2019 (Premier League - 8th)EnglandGK24Jordan Pickford38
100%
2020/21 (Premier League - 10th)EnglandST23Dominic Calvert-Lewin3316
95%
2023/24 (Premier League)EnglandST26Dominic Calvert-Lewin285
95%
2018/2019 (Premier League - 8th)EnglandST21Dominic Calvert-Lewin356
95%
2019/20 (Premier League - 12th)EnglandST22Dominic Calvert-Lewin3613
95%
2016/17 (Premier League - 7th)EnglandST19Dominic Calvert-Lewin111
95%
2017/18 (Premier League - 8th)EnglandST20Dominic Calvert-Lewin324
95%
2021/22 (Premier League - 16th)EnglandST24Dominic Calvert-Lewin175
95%
2022/23 (Premier League - 17th)EnglandST25Dominic Calvert-Lewin172
95%
2017/18 (Premier League - 8th)SenegalCM27Idrissa Gueye332
95%
2018/2019 (Premier League - 8th)SenegalCM28Idrissa Gueye33
95%
2022/23 (Premier League - 17th)SenegalCM32Idrissa Gueye33
95%
2016/17 (Premier League - 7th)SenegalCM26Idrissa Gueye331
95%
2023/24 (Premier League)SenegalCM34Idrissa Gueye202
95%
2022/23 (Premier League - 17th)EnglandCB29James Tarkowski381
95%
2023/24 (Premier League)EnglandCB31James Tarkowski331
95%
2021/22 (Premier League - 16th)ItalyST21Moise Kean1
95%
2019/20 (Premier League - 12th)ItalyST19Moise Kean292
95%
2020/21 (Premier League - 10th)ItalyST20Moise Kean2
95%
2019/20 (Premier League - 12th)IrelandRB30Seamus Coleman27
95%
2022/23 (Premier League - 17th)IrelandRB33Seamus Coleman231
95%
2018/2019 (Premier League - 8th)IrelandRB29Seamus Coleman292
95%
2020/21 (Premier League - 10th)IrelandRB31Seamus Coleman25
95%
2021/22 (Premier League - 16th)IrelandRB32Seamus Coleman301
95%
2017/18 (Premier League - 8th)IrelandRB28Seamus Coleman12
95%
2014/15 (Premier League - 11th)IrelandRB25Seamus Coleman353
95%
2015/16 (Premier League - 11th)IrelandRB26Seamus Coleman281
95%
2016/17 (Premier League - 7th)IrelandRB27Seamus Coleman264
95%
2023/24 (Premier League)IrelandRB35Seamus Coleman9
95%
2022/23 (Premier League - 17th)UkraineLB23Vitaliy Mykolenko34
95%
2023/24 (Premier League)UkraineLB24Vitaliy Mykolenko272
95%
2021/22 (Premier League - 16th)UkraineLB22Vitaliy Mykolenko131
95%
2023/24 (Premier League)MaliCM31Abdoulaye Doucoure276
89%
2021/22 (Premier League - 16th)MaliCM28Abdoulaye Doucoure302
89%
2020/21 (Premier League - 10th)MaliCM27Abdoulaye Doucoure292
89%
2022/23 (Premier League - 17th)MaliCM29Abdoulaye Doucoure255
89%
2020/21 (Premier League - 10th)NigeriaAM24Alex Iwobi301
89%
2022/23 (Premier League - 17th)NigeriaAM26Alex Iwobi382
89%
2021/22 (Premier League - 16th)NigeriaAM25Alex Iwobi282
89%
2019/20 (Premier League - 12th)NigeriaAM23Alex Iwobi251
89%
2023/24 (Premier League)NigeriaAM27Alex Iwobi2
89%
2021/22 (Premier League - 16th)PortugalCM27Andre Gomes14
89%
2018/2019 (Premier League - 8th)PortugalCM24Andre Gomes271
89%
2020/21 (Premier League - 10th)PortugalCM26Andre Gomes28
89%
2019/20 (Premier League - 12th)PortugalCM25Andre Gomes19
89%
2023/24 (Premier League)PortugalCM30Andre Gomes101
89%
2023/24 (Premier League)NetherlandsLW27Arnaut Danjuma141
89%
2021/22 (Premier League - 16th)EnglandCB23Ben Godfrey23
89%
2022/23 (Premier League - 17th)EnglandCB24Ben Godfrey13
89%
2020/21 (Premier League - 10th)EnglandCB22Ben Godfrey31
89%
2023/24 (Premier League)EnglandCB26Ben Godfrey12
89%
2023/24 (Premier League)PortugalST26Beto283
89%
2021/22 (Premier League - 16th)EnglandCB19Jarrad Branthwaite61
89%
2019/20 (Premier League - 12th)EnglandCB17Jarrad Branthwaite4
89%
2023/24 (Premier League)EnglandCB21Jarrad Branthwaite302
89%
2021/22 (Premier League - 16th)BrazilST24Richarlison3010
89%
2020/21 (Premier League - 10th)BrazilST23Richarlison347
89%
2018/2019 (Premier League - 8th)BrazilST21Richarlison3513
89%
2019/20 (Premier League - 12th)BrazilST22Richarlison3613
89%
2020/21 (Premier League - 10th)BrazilDM29Allan24
84%
2021/22 (Premier League - 16th)BrazilDM30Allan28
84%
2022/23 (Premier League - 17th)BelgiumDM20Amadou Onana331
84%
2023/24 (Premier League)BelgiumDM22Amadou Onana252
84%
2021/22 (Premier League - 16th)JamaicaLW25Demarai Gray345
84%
2022/23 (Premier League - 17th)JamaicaLW26Demarai Gray334
84%
2022/23 (Premier League - 17th)EnglandLW22Dwight McNeil367
84%
2023/24 (Premier League)EnglandLW23Dwight McNeil303
84%
2019/20 (Premier League - 12th)IcelandAM29Gylfi Sigurdsson352
84%
2017/18 (Premier League - 8th)IcelandAM27Gylfi Sigurdsson274
84%
2020/21 (Premier League - 10th)IcelandAM30Gylfi Sigurdsson366
84%
2018/2019 (Premier League - 8th)IcelandAM28Gylfi Sigurdsson3813
84%
2020/21 (Premier League - 10th)ColombiaAM28James Rodriguez236
84%
2019/20 (Premier League - 12th)EnglandLB34Leighton Baines8
84%
2018/2019 (Premier League - 8th)EnglandLB33Leighton Baines6
84%
2014/15 (Premier League - 11th)EnglandLB29Leighton Baines312
84%
2016/17 (Premier League - 7th)EnglandLB31Leighton Baines322
84%
2015/16 (Premier League - 11th)EnglandLB30Leighton Baines182
84%
2017/18 (Premier League - 8th)EnglandLB32Leighton Baines222
84%
2018/2019 (Premier League - 8th)FranceLB24Lucas Digne354
84%
2019/20 (Premier League - 12th)FranceLB25Lucas Digne35
84%
2020/21 (Premier League - 10th)FranceLB26Lucas Digne30
84%
2021/22 (Premier League - 16th)FranceLB27Lucas Digne13
84%
2020/21 (Premier League - 10th)EnglandCB27Michael Keane353
84%
2018/2019 (Premier League - 8th)EnglandCB25Michael Keane331
84%
2017/18 (Premier League - 8th)EnglandCB24Michael Keane30
84%
2021/22 (Premier League - 16th)EnglandCB28Michael Keane323
84%
2022/23 (Premier League - 17th)EnglandCB29Michael Keane121
84%
2023/24 (Premier League)EnglandCB31Michael Keane81
84%
2019/20 (Premier League - 12th)EnglandCB26Michael Keane312
84%
2014/15 (Premier League - 11th)BelgiumST21Romelu Lukaku3610
84%
2015/16 (Premier League - 11th)BelgiumST22Romelu Lukaku3718
84%
2016/17 (Premier League - 7th)BelgiumST23Romelu Lukaku3725
84%
2015/16 (Premier League - 11th)United StatesGK36Tim Howard25
84%
2014/15 (Premier League - 11th)United StatesGK35Tim Howard32
84%
2019/20 (Premier League - 12th)ColombiaCB24Yerry Mina292
84%
2020/21 (Premier League - 10th)ColombiaCB25Yerry Mina242
84%
2018/2019 (Premier League - 8th)ColombiaCB23Yerry Mina131
84%
2022/23 (Premier League - 17th)ColombiaCB27Yerry Mina72
84%
2021/22 (Premier League - 16th)ColombiaCB26Yerry Mina13
84%
2022/23 (Premier League - 17th)BosniaGK35Asmir Begovic1
79%
2021/22 (Premier League - 16th)BosniaGK34Asmir Begovic3
79%
2020/21 (Premier League - 10th)TurkeyST29Cenk Tosun5
79%
2018/2019 (Premier League - 8th)TurkeyST27Cenk Tosun253
79%
2019/20 (Premier League - 12th)TurkeyST28Cenk Tosun51
79%
2021/22 (Premier League - 16th)TurkeyST30Cenk Tosun1
79%
2017/18 (Premier League - 8th)TurkeyST26Cenk Tosun145
79%
2014/15 (Premier League - 11th)BelgiumRW26Kevin Mirallas297
79%
2016/17 (Premier League - 7th)BelgiumRW28Kevin Mirallas354
79%
2017/18 (Premier League - 8th)BelgiumRW29Kevin Mirallas5
79%
2015/16 (Premier League - 11th)BelgiumRW27Kevin Mirallas234
79%
2022/23 (Premier League - 17th)ScotlandRB20Nathan Patterson19
79%
2023/24 (Premier League)ScotlandRB22Nathan Patterson20
79%
2020/21 (Premier League - 10th)SwedenGK30Robin Olsen7
79%
2021/22 (Premier League - 16th)VenezuelaST31Salomon Rondon201
79%
2022/23 (Premier League - 17th)VenezuelaST32Salomon Rondon7
79%
2021/22 (Premier League - 16th)EnglandLW20Anthony Gordon354
74%
2019/20 (Premier League - 12th)EnglandLW18Anthony Gordon11
74%
2020/21 (Premier League - 10th)EnglandLW19Anthony Gordon3
74%
2022/23 (Premier League - 17th)EnglandLW21Anthony Gordon163
74%
2023/24 (Premier League)EnglandLB38Ashley Young26
74%
2018/2019 (Premier League - 8th)BrazilLW25Bernard341
74%
2019/20 (Premier League - 12th)BrazilLW26Bernard273
74%
2020/21 (Premier League - 10th)BrazilLW27Bernard121
74%
2016/17 (Premier League - 7th)EnglandCB19Mason Holgate18
74%
2018/2019 (Premier League - 8th)EnglandCB21Mason Holgate5
74%
2017/18 (Premier League - 8th)EnglandCB20Mason Holgate15
74%
2022/23 (Premier League - 17th)EnglandCB25Mason Holgate8
74%
2020/21 (Premier League - 10th)EnglandCB23Mason Holgate281
74%
2021/22 (Premier League - 16th)EnglandCB24Mason Holgate252
74%
2019/20 (Premier League - 12th)EnglandCB22Mason Holgate27
74%
2022/23 (Premier League - 17th)FranceST25Neal Maupay271
74%
2023/24 (Premier League)FranceST27Neal Maupay2
74%
2017/18 (Premier League - 8th)EnglandRW28Theo Walcott143
74%
2020/21 (Premier League - 10th)EnglandRW31Theo Walcott1
74%
2019/20 (Premier League - 12th)EnglandRW30Theo Walcott262
74%
2018/2019 (Premier League - 8th)EnglandRW29Theo Walcott375
74%
2023/24 (Premier League)EnglandRW27Jack Harrison263
68%
2022/23 (Premier League - 17th)EnglandDM21James Garner16
68%
2023/24 (Premier League)EnglandDM22James Garner321
68%
2018/2019 (Premier League - 8th)EnglandCB35Phil Jagielka71
68%
2014/15 (Premier League - 11th)EnglandCB31Phil Jagielka374
68%
2017/18 (Premier League - 8th)EnglandCB34Phil Jagielka25
68%
2016/17 (Premier League - 7th)EnglandCB33Phil Jagielka273
68%
2015/16 (Premier League - 11th)EnglandCB32Phil Jagielka21
68%
2015/16 (Premier League - 11th)EnglandCM17Tom Davies2
68%
2018/2019 (Premier League - 8th)EnglandCM20Tom Davies16
68%
2020/21 (Premier League - 10th)EnglandCM22Tom Davies25
68%
2021/22 (Premier League - 16th)EnglandCM23Tom Davies61
68%
2022/23 (Premier League - 17th)EnglandCM24Tom Davies19
68%
2019/20 (Premier League - 12th)EnglandCM21Tom Davies301
68%
2016/17 (Premier League - 7th)EnglandCM18Tom Davies242
68%
2017/18 (Premier League - 8th)EnglandCM19Tom Davies332
68%
2017/18 (Premier League - 8th)EnglandST31Wayne Rooney3110
68%
2017/18 (Premier League - 8th)WalesCB32Ashley Williams241
63%
2016/17 (Premier League - 7th)WalesCB31Ashley Williams361
63%
2017/18 (Premier League - 8th)NetherlandsCM24Davy Klaassen7
63%
2016/17 (Premier League - 7th)FranceDM26Morgan Schneiderlin141
63%
2017/18 (Premier League - 8th)FranceDM27Morgan Schneiderlin30
63%
2019/20 (Premier League - 12th)FranceDM29Morgan Schneiderlin15
63%
2018/2019 (Premier League - 8th)FranceDM28Morgan Schneiderlin14
63%
2021/22 (Premier League - 16th)EnglandRW29Andros Townsend213
58%
2016/17 (Premier League - 7th)EcuadorST26Enner Valencia213
58%
2016/17 (Premier League - 7th)IrelandCM25James McCarthy121
58%
2018/2019 (Premier League - 8th)IrelandCM27James McCarthy1
58%
2017/18 (Premier League - 8th)IrelandCM26James McCarthy4
58%
2015/16 (Premier League - 11th)IrelandCM24James McCarthy292
58%
2014/15 (Premier League - 11th)IrelandCM23James McCarthy282
58%
2020/21 (Premier League - 10th)PortugalGK20Joao Virginia1
58%
2015/16 (Premier League - 11th)SpainGK25Joel Robles13
58%
2014/15 (Premier League - 11th)SpainGK24Joel Robles7
58%
2016/17 (Premier League - 7th)SpainGK26Joel Robles20
58%
2023/24 (Premier League)EnglandLW21Lewis Dobbin111
58%
2021/22 (Premier League - 16th)EnglandLW18Lewis Dobbin3
58%
2014/15 (Premier League - 11th)South AfricaLM32Steven Pienaar9
58%
2015/16 (Premier League - 11th)South AfricaLM33Steven Pienaar4
58%
2014/15 (Premier League - 11th)FranceCB36Sylvain Distin13
58%
2016/17 (Premier League - 7th)DR CongoLW27Yannick Bolasie131
58%
2017/18 (Premier League - 8th)DR CongoLW28Yannick Bolasie161
58%
2022/23 (Premier League - 17th)EnglandCB29Conor Coady241
53%
2014/15 (Premier League - 11th)IrelandCM26Darron Gibson9
53%
2015/16 (Premier League - 11th)IrelandCM27Darron Gibson7
53%
2021/22 (Premier League - 16th)EnglandAM25Dele Alli11
53%
2022/23 (Premier League - 17th)EnglandAM26Dele Alli2
53%
2016/17 (Premier League - 7th)EnglandDM35Gareth Barry332
53%
2014/15 (Premier League - 11th)EnglandDM33Gareth Barry33
53%
2015/16 (Premier League - 11th)EnglandDM34Gareth Barry33
53%
2020/21 (Premier League - 10th)Ivory CoastDM24Jean-Philippe Gbamin1
53%
2019/20 (Premier League - 12th)Ivory CoastDM23Jean-Philippe Gbamin2
53%
2021/22 (Premier League - 16th)Ivory CoastDM25Jean-Philippe Gbamin3
53%
2020/21 (Premier League - 10th)NorwayLW28Joshua King11
53%
2016/17 (Premier League - 7th)NetherlandsGK33Maarten Stekelenburg19
53%
2016/17 (Premier League - 7th)EnglandCM22Ross Barkley365
53%
2014/15 (Premier League - 11th)EnglandCM20Ross Barkley292
53%
2015/16 (Premier League - 11th)EnglandCM21Ross Barkley388
53%
2014/15 (Premier League - 11th)CameroonST33Samuel Eto'o143
53%
2014/15 (Premier League - 11th)ScotlandSS27Steven Naismith317
53%
2015/16 (Premier League - 11th)ScotlandSS28Steven Naismith103
53%
2023/24 (Premier League)PortugalST19Youssef Chermiti13
53%
2016/17 (Premier League - 7th)Ivory CoastST32Arouna Kone6
47%
2014/15 (Premier League - 11th)Ivory CoastST30Arouna Kone121
47%
2015/16 (Premier League - 11th)Ivory CoastST31Arouna Kone255
47%
2017/18 (Premier League - 8th)CuracaoCB27Cuco Martina21
47%
2021/22 (Premier League - 16th)NetherlandsCM24Donny van de Beek71
47%
2014/15 (Premier League - 11th)BosniaDM21Muhamed Besic23
47%
2015/16 (Premier League - 11th)BosniaDM22Muhamed Besic12
47%
2017/18 (Premier League - 8th)BosniaDM24Muhamed Besic2
47%
2017/18 (Premier League - 8th)SenegalST27Oumar Niasse228
47%
2019/20 (Premier League - 12th)SenegalST29Oumar Niasse3
47%
2015/16 (Premier League - 11th)SenegalST25Oumar Niasse5
47%
2018/2019 (Premier League - 8th)SenegalST28Oumar Niasse5
47%
2022/23 (Premier League - 17th)PortugalLB23Ruben Vinagre2
47%
2023/24 (Premier League)IrelandST21Tom Cannon1
47%
2022/23 (Premier League - 17th)IrelandST19Tom Cannon2
47%
2014/15 (Premier League - 11th)EnglandRB33Tony Hibbert4
47%
2015/16 (Premier League - 11th)EnglandRB34Tony Hibbert1
47%
2016/17 (Premier League - 7th)NigeriaSS18Ademola Lookman81
42%
2018/2019 (Premier League - 8th)NigeriaSS20Ademola Lookman21
42%
2017/18 (Premier League - 8th)NigeriaSS19Ademola Lookman7
42%
2014/15 (Premier League - 11th)IrelandLW28Aiden McGeady161
42%
2015/16 (Premier League - 11th)Costa RicaLB25Bryan Oviedo14
42%
2014/15 (Premier League - 11th)Costa RicaLB24Bryan Oviedo6
42%
2016/17 (Premier League - 7th)Costa RicaLB26Bryan Oviedo6
42%
2019/20 (Premier League - 12th)FranceRB26Djibril Sidibe25
42%
2022/23 (Premier League - 17th)Northern IrelandCM18Isaac Price1
42%
2021/22 (Premier League - 16th)Northern IrelandCM17Isaac Price1
42%
2014/15 (Premier League - 11th)EnglandCB20John Stones231
42%
2015/16 (Premier League - 11th)EnglandCB21John Stones33
42%
2018/2019 (Premier League - 8th)FranceCB23Kurt Zouma322
42%
2017/18 (Premier League - 8th)CroatiaAM19Nikola Vlasic12
42%
2015/16 (Premier League - 11th)ArgentinaCB24Ramiro Funes Mori284
42%
2016/17 (Premier League - 7th)ArgentinaCB25Ramiro Funes Mori23
42%
2017/18 (Premier League - 8th)ArgentinaCB26Ramiro Funes Mori4
42%
2016/17 (Premier League - 7th)EnglandCM26Tom Cleverley10
42%
2015/16 (Premier League - 11th)EnglandCM25Tom Cleverley222
42%
2021/22 (Premier League - 16th)EnglandCM18Tyler Onyango3
42%
2023/24 (Premier League)EnglandCM20Tyler Onyango1
42%
2014/15 (Premier League - 11th)ParaguayCB31Antolin Alcaraz8
37%
2017/18 (Premier League - 8th)DR CongoDM18Beni Baningime8
37%
2014/15 (Premier League - 11th)GhanaLW22Christian Atsu5
37%
2021/22 (Premier League - 16th)EnglandST20Ellis Simms1
37%
2022/23 (Premier League - 17th)EnglandST21Ellis Simms111
37%
2019/20 (Premier League - 12th)EnglandCM29Fabian Delph16
37%
2021/22 (Premier League - 16th)EnglandCM31Fabian Delph11
37%
2020/21 (Premier League - 10th)EnglandCM30Fabian Delph8
37%
2015/16 (Premier League - 11th)EnglandRB18Jonjoe Kenny1
37%
2018/2019 (Premier League - 8th)EnglandRB21Jonjoe Kenny10
37%
2021/22 (Premier League - 16th)EnglandRB24Jonjoe Kenny15
37%
2020/21 (Premier League - 10th)EnglandRB23Jonjoe Kenny4
37%
2017/18 (Premier League - 8th)EnglandRB20Jonjoe Kenny19
37%
2016/17 (Premier League - 7th)EnglandRB19Jonjoe Kenny1
37%
2017/18 (Premier League - 8th)SpainST21Sandro Ramirez8
37%
2017/18 (Premier League - 8th)EnglandRW30Aaron Lennon15
32%
2015/16 (Premier League - 11th)EnglandRW28Aaron Lennon255
32%
2014/15 (Premier League - 11th)EnglandRW27Aaron Lennon142
32%
2016/17 (Premier League - 7th)EnglandRW29Aaron Lennon11
32%
2015/16 (Premier League - 11th)ZimbabweLB19Brendan Galloway15
32%
2014/15 (Premier League - 11th)ZimbabweLB18Brendan Galloway2
32%
2016/17 (Premier League - 7th)SpainST22Gerard Deulofeu11
32%
2015/16 (Premier League - 11th)SpainST21Gerard Deulofeu262
32%
2015/16 (Premier League - 11th)EnglandAM17Kieran Dowell2
32%
2014/15 (Premier League - 11th)EnglandCM33Leon Osman212
32%
2015/16 (Premier League - 11th)EnglandCM34Leon Osman9
32%
2016/17 (Premier League - 7th)EnglandCB21Matthew Pennington31
32%
2015/16 (Premier League - 11th)EnglandCB20Matthew Pennington4
32%
2020/21 (Premier League - 10th)WalesLW22Nathan Broadhead1
32%
2015/16 (Premier League - 11th)ChinaCB21Tyias Browning5
32%
2014/15 (Premier League - 11th)ChinaCB20Tyias Browning2
32%
2021/22 (Premier League - 16th)NetherlandsRW26Anwar El Ghazi2
26%
2020/21 (Premier League - 10th)FranceLB19Niels Nkounkou2
26%
2017/18 (Premier League - 8th)FranceCB26Eliaquim Mangala2
21%
2014/15 (Premier League - 11th)EnglandLB21Luke Garbutt4
21%
2015/16 (Premier League - 11th)EnglandDM17Callum Connolly1
16%

Score Distribution

Percentile by Number Answered

Percent of People with Each Score

Your Score History

You have not taken this quiz